000 00722nam a2200217Ii 4500
003 JO-AjNU
008 230605s9999||||xx |||||||||||||| ||und||
017 _a2009/8/2954
020 _a978-977-477-013-5
040 _aJO-AjNU
_bara
_erda
_cJO-AjNU
041 _aara
050 1 4 _aQA76.73 2010
100 3 _aالحاج ، محمد/ م مشلرك صالح ابو السعود ,
_eauthor
_944812
245 0 0 _aالبرمجة المرئية
264 3 1 _aعمان:مكتبة المجتمع العربي ، 2010
300 _a522ص
336 _atext
_btxt
_2rdacontent
337 _aunmediated
_bn
_2rdamedia
338 _avolume
_bnc
_2rdacarrier
650 4 _aالحاسبات الالكترونية- لغات
_944813
999 _aA19378
_c22946
_d22946